Lịch sử triết học
Guardado en:
| Autor principal: | |
|---|---|
| Formato: | Libro |
| Lenguaje: | Undetermined |
| Publicado: |
Hà Nội
Chính Trị Quốc Gia
2002
|
| Materias: | |
| Etiquetas: |
Agregar Etiqueta
Sin Etiquetas, Sea el primero en etiquetar este registro!
|
| Thư viện lưu trữ: | Trung tâm Học liệu Trường Đại học Cần Thơ |
|---|
| LEADER | 00479nam a2200169Ia 4500 | ||
|---|---|---|---|
| 001 | CTU_47109 | ||
| 008 | 210402s9999 xx 000 0 und d | ||
| 082 | |a 109 | ||
| 082 | |b V510 | ||
| 100 | |a NGUYỄN HỮU VUI | ||
| 245 | 0 | |a Lịch sử triết học | |
| 245 | 0 | |c NGUYỄN HỮU VUI | |
| 260 | |a Hà Nội | ||
| 260 | |b Chính Trị Quốc Gia | ||
| 260 | |c 2002 | ||
| 650 | |a philosophy - history | ||
| 980 | |a Trung tâm Học liệu Trường Đại học Cần Thơ | ||